Módem interno para control remoto

Збережено в:
Бібліографічні деталі
Автор: Quesada Ugalde, Manuel de J
Інші автори: Martínez Lara, Victor Manuel
Формат: Книга
Опубліковано: San José, Costa Rica 1994
Предмети:
Теги: Додати тег
Немає тегів, Будьте першим, хто поставить тег для цього запису!

MARC

LEADER 00000nam a2200000Ia 4500
003 007568
005 20221231144257.0
008 140114s1994 cr a m 000 ||s d
040 |c cru CEDI 
090 |a TFG 3218 
100 |a Quesada Ugalde, Manuel de J  |9 10942 
245 |a Módem interno para control remoto  
260 |c 1994  |a San José, Costa Rica 
300 |a  ix, 100 h : ilustraciones.  
500 |a Proyecto de graduación (bachillerato en ingeniería eléctrica)-- Universidad de Costa Rica. Facultad de Ingeniería. Escuela de Ingenieria Eléctrica 
650 |x DISPOSITIVOS PARA COMPUTADORAS   |x CONTROL REMOTO  |9 10943 
700 |9 9711  |a Martínez Lara, Victor Manuel 
942 |c TFG  |2 ddc 
999 |c 19477  |d 19477